Battlefield tourism : pilgrimage and the commemoration of the Great War in Britain, Australia, and Canada, 1919-1939

Αποθηκεύτηκε σε:
Λεπτομέρειες βιβλιογραφικής εγγραφής
Κύριος συγγραφέας: Lloyd, David Wharton
Μορφή: Βιβλίο
Γλώσσα:English
Δημοσίευση: Oxford ; : New York : Berg, 1998
Σειρά:Legacy of the Great War
Θέματα:
Ετικέτες: Προσθήκη ετικέτας
Δεν υπάρχουν, Καταχωρήστε ετικέτα πρώτοι!

MARC

LEADER 00000nam a2200000 i 4500
001 1/9457
008 000811s1998 eng d
020 |a 1-85973-174-0 (hbk.) 
035 |l 10063059 
040 |a GR-MY-UA  |b gre  |e aacr 
041 0 |a eng 
082 0 |a 940.3 
100 1 |a Lloyd, David Wharton. 
245 1 0 |a Battlefield tourism :  |b pilgrimage and the commemoration of the Great War in Britain, Australia, and Canada, 1919-1939 /  |c by David W. Lloyd 
260 |a Oxford ; :   |a New York :   |b Berg,   |c 1998 
300 |a xi, 252 p.;  |c 22 cm 
490 1 |a Legacy of the Great War 
650 0 0 |a World War, 1914-1918  |x Battlefields. 
650 0 0 |a World War, 1914-1918  |x Veterans  |x Travel. 
650 0 0 |a World War, 1914-1918  |x Influence. 
650 0 0 |a Battlefields. 
830 0 |a Legacy of the Great War 
852 |a INST  |b CHIOS  |e 20000811  |h 940.3 LLO  |p 005200018102  |q 005200018102  |t BK  |y 0 
901 |a BIBL2-2000-2 
909 |a Χ  |b 076774 
922 |a 2ΕΛΗ  |b 200003  |c ΤΔΕ  |d ΠΑΠΑΣΩΤΗΡΙΟΥ 
970 |z 2000/08/ΔΕΜΕΝΑΓΑΣ